Applied geotechnology : a text for students and engineers on rock excavation and related topics /

Bibliographic Details
Main Author: Roberts, Albert F., 1911-
Format: Book
Language:English
Published: Oxford ; New York : Pergamon Press, 1981.
Series:Pergamon international library of science, technology, engineering, and social studies.
Subjects:

MARC

Tag First Indicator Second Indicator Subfields
LEADER 00000cam a22000008a 4500
001 in00000069534
005 20151008054501.0
008 800904s1981 enka b 00110 engm
010 |a  80040834  
015 |a GB81 
020 |a 0080240151 :  |c 22.50 (est.) 
020 |a 0080240143 (pbk.) :  |c 11.25 (est.) 
035 |a (OCoLC)06734606 
035 |9 AAJ0797AM 
040 |a DLC  |c DLC  |d TXA  |d UtOrBLW 
049 |a TXAM  |c [1672310] 
050 0 0 |a TA740  |b .R62 1981 
082 0 |a 624.1/5132  |2 19 
100 1 |a Roberts, Albert F.,  |d 1911- 
245 1 0 |a Applied geotechnology :  |b a text for students and engineers on rock excavation and related topics /  |c by A. Roberts. 
263 |a 8102 
264 1 |a Oxford ;  |a New York :  |b Pergamon Press,  |c 1981. 
300 |a xvi, 344 pages :  |b illustrations ;  |c 26 cm. 
336 |a text  |b txt  |2 rdacontent 
337 |a unmediated  |b n  |2 rdamedia 
338 |a volume  |b nc  |2 rdacarrier 
490 1 |a Pergamon international library of science, technology, engineering, and social studies 
504 |a Includes bibliographies and indexes. 
650 0 |a Excavation. 
650 0 |a Rock mechanics. 
830 0 |a Pergamon international library of science, technology, engineering, and social studies. 
999 |a MARS 
999 f f |s dc627764-6288-361a-b384-43e0509eea9a  |i ac8873b0-b156-3f94-be01-d24a45f73a43  |t 0 
952 f f |p ric  |a Texas A&M University  |b Rellis Campus  |c Joint Library Facility  |d Remote Storage  |t 0  |e TA740 .R62 1981  |h Library of Congress classification  |i unmediated -- volume  |m A14806243920 
998 f f |a TA740 .R62 1981  |t 0  |l Remote Storage